[Event "World Team-ch Open 2019"]
[Site "Astana"]
[Date "2019.03.14"]
[Round "9.16"]
[White "Firouzja, Alireza"]
[Black "Lenderman, Aleksandr"]
[Result "1-0"]
[WhiteElo "2657"]
[BlackElo "2637"]
[Annotator "TA"]
[PlyCount "67"]
[EventDate "2019.02.05"]
[EventType "team-tourn"]
[EventCountry "KAZ"]
[SourceTitle "playchess.com"]
[Source "ChessBase"]
[SourceQuality "1"]
[WhiteTeam "Iran"]
[BlackTeam "United States"]
[WhiteTeamCountry "IRI"]
[BlackTeamCountry "USA"]

{[%evp 25,67,41,43,41,45,49,43,41,41,42,63,68,66,62,56,22,22,13,29,0,44,47,67,61,64,88,95,95,93,94,85,61,317,234,244,236,226,226,460,346,746,740,698,460]} 1. e4 e5 2. Nf3 Nf6 3. Nxe5 d6 4. Nf3 Nxe4 5. d4 d5 6. Bd3 Bf5 7. O-O Be7 8. Re1 Nc6 9. Nbd2 Nxd2 10. Qxd2 Bxd3 11. Qxd3 O-O 12. c3 Qd7 {C42: Petroff Defence: 3 Nxe5 and unusual White 3rd moves} 13. Bf4 (13. Re2 a6 14. Bg5 Bd6 15. Rae1 Rfe8 16. Ne5 Nxe5 17. dxe5 Be7 18. Bxe7 Rxe7 19. f4 g6 20. Rd1 {½-½ (42) Li,C (2725)-Bu,X (2718) Ningbo 2018}) 13... Rfe8 {LiveBook: 4 Games} 14. Re2 Bd6 {White is slightly better.} 15. Bxd6 $146 ({Predecessor:} 15. Rxe8+ Rxe8 16. Bxd6 Qxd6 17. Ng5 Qg6 18. Qxg6 hxg6 19. Kf1 f6 20. Nf3 {½-½ (37) Csepregi,L-Rietz,A DDR 1984}) 15... Rxe2 16. Qxe2 Qxd6 17. Re1 g6 18. h4 h5 19. b4 {[%cal Bb2b4,Bb4b5][%mdl 32]} Rf8 20. Ng5 {[%cal Bf3g5,Bg5h3,Bh3f4][%mdl 32]} a5 21. b5 Na7 22. g3 Nc8 23. Nh3 Qf6 24. Nf4 $36 {[%mdl 2048] White fights for an advantage.} Nb6 25. Qd3 Rd8 26. Re5 Kf8 27. Qe2 a4 28. Re3 {Strongly threatening Ne6+!} Kg7 $2 {[%mdl 8192]} ({Black should try} 28... Rc8 $14) 29. Re7 {Hoping for Ne6+.} Kf8 30. Rxc7 Re8 {[#]} 31. Qf3 $1 Re4 $2 (31... Rb8 32. Qe3 a3) 32. Kg2 Qf5 $2 (32... Qd6) 33. Rxb7 $18 Nc4 34. Nd3 {Precision: White = 76%, Black = 43%.} 1-0

[Event "World Team-ch Open 2019"]
[Site "Astana"]
[Date "2019.03.14"]
[Round "9.17"]
[White "Naiditsch, Arkadij"]
[Black "Amin, Bassem"]
[Result "1/2-1/2"]
[WhiteElo "2710"]
[BlackElo "2709"]
[Annotator "TA"]
[PlyCount "28"]
[EventDate "2019.02.05"]
[EventType "team-tourn"]
[EventCountry "KAZ"]
[SourceTitle "playchess.com"]
[Source "ChessBase"]
[SourceQuality "1"]
[WhiteTeam "Azerbaijan"]
[BlackTeam "Egypt"]
[WhiteTeamCountry "AZE"]
[BlackTeamCountry "EGY"]

{[%evp 27,28,0,37]} 1. e4 e5 2. Nf3 Nc6 3. Bb5 a6 4. Ba4 Nf6 5. O-O Be7 6. Re1 b5 7. Bb3 O-O 8. c3 d6 9. h3 Bb7 10. d4 Re8 11. Ng5 $146 ({Predecessor:} 11. Nbd2 Bf8 12. a3 Nb8 13. Ng5 Re7 14. Ndf3 Nbd7 15. Nxf7 Rxf7 16. Ng5 d5 17. Nxf7 Kxf7 18. f4 exd4 19. e5 dxc3 20. bxc3 Kg8 21. exf6 Nxf6 {1-0 (39) Topalov,V (2740)-Karpov,A (2623) Salamanca 2018}) 11... Rf8 12. Nf3 Re8 13. Ng5 Rf8 14. Nf3 Re8 1/2-1/2

[Event "World Team-ch Open 2019"]
[Site "Astana"]
[Date "2019.03.14"]
[Round "9.18"]
[White "Adly, Ahmed"]
[Black "Mamedov, Rauf"]
[Result "1/2-1/2"]
[WhiteElo "2611"]
[BlackElo "2701"]
[Annotator "TA"]
[PlyCount "23"]
[EventDate "2019.02.05"]
[EventType "team-tourn"]
[EventCountry "KAZ"]
[SourceTitle "playchess.com"]
[Source "ChessBase"]
[SourceQuality "1"]
[WhiteTeam "Egypt"]
[BlackTeam "Azerbaijan"]
[WhiteTeamCountry "EGY"]
[BlackTeamCountry "AZE"]

{[%evp 22,23,0,0]} 1. Nf3 Nf6 2. g3 g6 3. Bg2 Bg7 4. O-O O-O 5. c4 c6 6. d4 d5 7. cxd5 cxd5 8. Nc3 Ne4 (8... Nc6 9. Ne5 Bf5 10. Bf4 Ne4 11. Rc1 Rc8 12. Nxe4 Bxe4 13. Bh3 e6 14. f3 g5 15. Nxc6 Rxc6 16. Rxc6 bxc6 17. fxe4 gxf4 18. Rxf4 dxe4 19. Rxe4 c5 {0-1 (52) Adly,A (2599)-Mamedov,R (2688) Doha 2016}) 9. Ng5 $146 ({Predecessor:} 9. Ne5 Nxc3 10. bxc3 Nc6 11. Nxc6 bxc6 12. Qa4 Qb6 13. Ba3 Qa6 14. Qxa6 Bxa6 15. Rfe1 Rfe8 16. e3 e6 17. Bf1 Bxf1 18. Kxf1 Bf8 19. Bxf8 Kxf8 20. Reb1 Reb8 21. Rb3 {½-½ (29) Zhao,J (2610)-Robson,R (2667) chess.com INT 2019}) 9... Nf6 10. Nf3 Ne4 11. Ng5 Nf6 12. Nf3 1/2-1/2

[Event "World Team-ch Open 2019"]
[Site "Astana"]
[Date "2019.03.14"]
[Round "9.19"]
[White "Guseinov, Gadir"]
[Black "Fawzy, Adham"]
[Result "1-0"]
[WhiteElo "2664"]
[BlackElo "2461"]
[Annotator "TA"]
[PlyCount "81"]
[EventDate "2019.02.05"]
[EventType "team-tourn"]
[EventCountry "KAZ"]
[SourceTitle "playchess.com"]
[Source "ChessBase"]
[SourceQuality "1"]
[WhiteTeam "Azerbaijan"]
[BlackTeam "Egypt"]
[WhiteTeamCountry "AZE"]
[BlackTeamCountry "EGY"]

{[%evp 9,81,21,44,40,38,46,71,75,79,69,79,82,142,143,185,189,199,188,204,206,266,264,254,219,232,223,211,204,223,199,339,263,326,265,264,255,331,328,326,329,429,432,426,422,404,381,381,403,391,389,406,410,395,306,349,341,344,308,358,357,356,339,514,514,514,495,521,516,642,633,874,601,873,873]} 1. e4 c5 2. Nc3 Nc6 3. Nf3 Nf6 4. Bb5 g6 5. h3 d6 (5... Bg7 6. e5 Ng8 7. Bxc6 dxc6 8. d3 Nh6 9. g4 O-O 10. Qe2 Qb6 11. Nd2 Qc7 12. Nb3 f5 13. g5 {½-½ (45) Adams,M (2706)-Pert,N (2544) Hull 2018}) 6. e5 {B30: Sicilian: 2...Nc6 3 Bb5, lines without ...g6} dxe5 7. Nxe5 Qd6 $146 ({Predecessor:} 7... Bd7 8. Nxc6 Bxc6 9. Bxc6+ bxc6 10. d3 Nd5 11. Ne4 f5 12. Ng5 e5 13. Ne6 {½-½ (43) Popelka,M (2457)-Nedoma,P (2351) ICCF email 2008}) 8. Nxc6 {White is better.} bxc6 9. Qf3 Qe6+ 10. Kd1 Bd7 (10... cxb5 $142 11. Qxa8 Bg7) 11. Re1 $36 {[%mdl 2048] White is in control.} Qd6 12. d3 Nd5 13. Bc4 Nxc3+ 14. bxc3 Be6 {[#] Threatens to win with ...Bxc4.} 15. Bf4 Qd7 {White must now prevent ...Bxc4.} 16. Bxe6 fxe6 17. Be5 Rg8 18. Qg4 h5 19. Qe4 Kf7 (19... Qd5 {was worth a try.} 20. Rb1 c4 21. Qxc4 Qxc4 22. dxc4 Bh6) 20. Qf4+ $18 Ke8 21. c4 Bg7 22. Rb1 Bf6 23. Bxf6 Rf8 24. Qh6 ({Not} 24. Rb8+ Rxb8 25. Qxb8+ Kf7 $16) 24... Rxf6 25. Qh8+ Rf8 26. Qg7 Rxf2 27. Qg8+ Rf8 28. Qxg6+ Kd8 29. Qxh5 Qd6 30. Qh6 Kc7 31. Qxe6 Rae8 32. Qxd6+ Kxd6 {[%mdl 4096] Endgame KRR-KRR} 33. Rb7 a5 34. Ra7 e5 35. Rxa5 e4 (35... Rf7 {keeps fighting.} 36. Re2 Rg7) 36. Rxe4 {White is clearly winning.} Rxe4 37. dxe4 Rf2 38. g4 Rh2 39. Ra3 Ke5 40. Rd3 Kxe4 41. Kc1 {Accuracy: White = 97%, Black = 35%.} 1-0

[Event "World Team-ch Open 2019"]
[Site "Astana"]
[Date "2019.03.14"]
[Round "9.20"]
[White "Hesham, Abdelrahman"]
[Black "Safarli, Eltaj"]
[Result "1/2-1/2"]
[WhiteElo "2450"]
[BlackElo "2662"]
[Annotator "TA"]
[PlyCount "22"]
[EventDate "2019.02.05"]
[EventType "team-tourn"]
[EventCountry "KAZ"]
[SourceTitle "playchess.com"]
[Source "ChessBase"]
[SourceQuality "1"]
[WhiteTeam "Egypt"]
[BlackTeam "Azerbaijan"]
[WhiteTeamCountry "EGY"]
[BlackTeamCountry "AZE"]

{[%evp 19,22,0,20,0,0]} 1. d4 Nf6 2. c4 g6 3. Nf3 Bg7 4. g3 c6 5. Bg2 O-O 6. O-O d5 7. cxd5 cxd5 8. Nc3 Ne4 9. Ng5 $146 Nf6 10. Nf3 Ne4 11. Ng5 {D79: Fianchetto Grünfeld: Symmetrical Variation (6 0-0 c6 7 cxd5 cxd5)} Nf6 1/2-1/2